Statistics for 4-Letter Words Within Capital Cities

Click here to take the quiz!

General Stats

  • This quiz has been taken 44 times
  • The average score is 16 of 36

Answer Stats

WordCapital% Correct
QuitQuito
91%
PestBudapest
80%
TripTripoli
74%
LavaBratislava
69%
RareHarare
69%
SinkHelsinki
69%
LumpKuala Lumpur
69%
DodoDodoma
66%
WaitKuwait City
66%
MakoBamako
60%
BoutDjibouti
60%
ScatMuscat
60%
TallTallinn
60%
NanaAntananarivo
54%
CastCastries
51%
SlamIslamabad
51%
DishMogadishu
51%
RoseRoseau
49%
ThenAthens
46%
HakaDhaka
46%
LongLilongwe
40%
OpenCopenhagen
34%
CharBucharest
29%
RaguPrague
29%
ShinWashington
29%
MorePort Moresby
26%
BandBandar Seri Begawan
23%
PainPort of Spain
23%
WardSri Jayawardenepura Kotte
23%
FontBloemfontein
20%
SaleJerusalem
20%
AntiSantiago
20%
HartKhartoum
14%
LingWellington
14%
EvilLibreville
9%
AmenN'Djamena
6%

Score Distribution

Percentile by Number Answered

Percent of People with Each Score

Your Score History

You have not taken this quiz